[Event "Bastiais Master"]
[Site "Bastia"]
[Date "2003.??.??"]
[Round "?"]
[White "Bracconi, William"]
[Black "Maes, Christophe"]
[Result "1-0"]
[WhiteElo "1360"]
[BlackElo "1340"]
[PlyCount "53"]
[EventDate "2003.??.??"]
[EventType "swiss"]
[EventRounds "7"]
[EventCountry "FRA"]
[SourceTitle "EXT 2007"]
[Source "ChessBase"]
[SourceDate "2006.11.23"]
[SourceVersion "1"]
[SourceVersionDate "2006.11.23"]
[SourceQuality "1"]

1. d4 d5 2. Nf3 Nc6 3. e3 Nf6 4. Bd3 g6 5. c3 Bg7 6. Nbd2 0-0 7. 0-0 Re8 8. e4 e6 9. e5 Nd7 10. Re1 b6 11. Nf1 Ne7 12. Ne3 c5 13. Ng4 Nf5 14. Bg5 f6 15. exf6 Nxf6 16. Bxf5 gxf5 17. Nge5 Qd6 18. Bf4 Qc7 19. Ng5 Rf8 20. Ng6 Qb7 21. Nxf8 Bxf8 22. Nxe6 Bxe6 23. Rxe6 Ne4 24. Qh5 Qd7 25. Qxf5 Qg7 26. Qxd5 Rc8 27. Rg6+ 1-0